| 000 | 00667nam a2200181 a 4500 | ||
|---|---|---|---|
| 001 | 000023158 | ||
| 005 | 20240508073815.0 | ||
| 008 | 101129s1953 dr r 000 0 spa d | ||
| 040 |
_aDO-SdBNP _bspa _cBNPHU |
||
| 082 |
_axxxx _bO29h |
||
| 100 | 1 |
_aOexmelin, Alexandre Olivier _947677 |
|
| 245 | 1 | 0 |
_aHistoria de los aventureros-filibusteros y bucaneros de América / _cAlexandre Olivier Oexmelin ; traducción C. Armando Rodríguez. |
| 260 |
_aCiudad Trujillo, Republica Domicana : _bMontalvo, _c1953. |
||
| 300 |
_a157 p. ; _c25 cm. |
||
| 490 | 1 |
_aArchivo General de la Nación _vXI |
|
| 500 | _aTraducida del francés | ||
| 700 | 1 |
_aRodriguez, C. Armando, _etr. _926133 |
|
| 999 |
_c22655 _d22655 |
||